| 000 | 00760nam a2200217Ii 4500 | ||
|---|---|---|---|
| 003 | JO-AjNU | ||
| 008 | 230606s9999||||xx |||||||||||||| ||und|| | ||
| 020 | _a978-0-415-95768-7 | ||
| 040 |
_aJO-AjNU _beng _erda _cJO-AjNU |
||
| 041 | _aeng | ||
| 050 | 1 | 4 | _aPE1128.3.E73.2009 |
| 100 | 3 |
_a Erben,Tony, Ruth Ban, Martha Castaneda, _eauthor _96400 |
|
| 245 | 0 | 0 | _aTeaching English Language Learners through Technology |
| 250 | _a1 ed | ||
| 264 | 3 | 1 | _aNew York: Routledge,2009 |
| 300 | _a220p | ||
| 336 |
_atext _btxt _2rdacontent |
||
| 337 |
_aunmediated _bn _2rdamedia |
||
| 338 |
_avolume _bnc _2rdacarrier |
||
| 650 | 4 |
_aEnglish language-study and teaching-forign speakers-computer-assisted-instruction-I-Ban,Ruth.II.castaneda,martha E,1972-iii.Title. _96401 |
|
| 999 |
_aE3318 _c3314 _d3314 |
||